00904nam a2200229 i 4500001001000000003000900010005001700019007000300036008004100039040003000080082002000110110004100130240001800171245012500189260002000314264004100334300002500375336002700400337003300427338002800460500018600488000046646DO-SdBNP20230509120845.0ta180315s1997 dr 000 0 spa d aDO-SdBNPbspacBNPHUerda axxxxbR426L2221 aRepública Dominicana.[Leyes, Etc.]10a[Leyes, etc.]10aLey No. 97-97, que modifica el articulo 177 del código de trabajo de la República Dominicana, del 30 de mayo de 1997 bDalis,c[s.f.]. aSanto Domingo :b[sin nombre],c1997 a8 paginas. ;c22 cm. 2rdacontentatextobtxt 2rdamediaasin mediaciónbn 2rdacarrieravolumenbnc aLey No. 379 que establece un nuevo régimen de jubilaciones y pensiones del Estado dominicano para los funcionarios y empleados públicos del 15 de diciembre de 1981 G.O. No. 9570